000 01267nam a22004457a 4500
001 BR2024002808
003 BR-BrBNA
005 20241009122632.0
008 241008b bl.||||| |||| 00| 0 por d
040 _aBR-BrBNA
_bpor
041 _apor
072 _aE10 ; E13 ; E14
090 _aE10 BR2024002808
110 _aMinistério da Agricultura, Pecuária e Abastecimento, Brasília, DF (Brasil)
_96897
110 _aBanco do Nordeste, Fortaleza, CE (Brasil)
245 _aPlano Agronordeste: relatório de atuação 2020
260 _aBrasília, DF (Brasil)
_c2021
300 _a20 p.
500 _a8 illus.; 5 tables
650 _aNORDESTE
650 _aPOLÍTICA AGRÍCOLA
650 _aPOLÍTICA AGROPECUÁRIA
650 _aPOLÍTICA DE CRÉDITO
650 _aAGROINDÚSTRIA
650 _aPEQUENO PRODUTOR
650 _aMÉDIO PRODUTOR
650 _aASSISTÊNCIA TÉCNICA
650 _aDEFESA FITOSSANITÁRIA
650 _aASSOCIATIVISMO
650 _aINVESTIMENTO
650 _aCUSTEIO
650 _aCOMERCIALIZAÇÃO
650 _aCADEIA PRODUTIVA
650 _aAGREGAÇÃO DE VALOR
650 _aENERGIA SOLAR
650 _aINOVAÇÃO
650 _aSUSTENTABILIDADE
909 _a202410
_bFernando
942 _cBK
999 _c327990
_d327990